000 00777nam a2200277Ia 4500
008 160303s9999 xx 000 0 und d
020 _a0-8144-0564-9
050 _aMAIN HG 4028
050 _b.V3T76 2003
100 _aTrotta, Raymond J.
245 _aTranslating strategy into shareholder value :
245 _ba company-wide approach to value creation /
245 _cRaymond J. Trotta.
260 _aNew York :
260 _bAmercian Management Association.
260 _c2003
300 _a270 pages :
300 _billustrations ;
300 _c24 cm.
500 _aIncludes bibliographical references and index.
650 _aCorporations --
650 _aCorporations --
650 _aValue.
650 _xFinance.
650 _xValuation.
999 _c291078
_d291078